Normal view
MARC view
- Northern Ireland Environment Agency
Entry Corporate Name
001 - CONTROL NUMBER
- control field: 5728
003 - CONTROL NUMBER IDENTIFIER
- control field: SIRSI
005 - DATE AND TIME OF LATEST TRANSACTION
- control field: 20190806150245.0
008 - FIXED-LENGTH DATA ELEMENTS
- fixed length control field: 090514n| aaannaabn |n ana d
040 ## - CATALOGING SOURCE
- Original cataloging agency: OSt
- Transcribing agency: OSt
110 2# - HEADING--CORPORATE NAME
- Corporate name or jurisdiction name as entry element: Northern Ireland Environment Agency
670 ## - SOURCE DATA FOUND
- Source citation: NetRegs